[Event "AUTO-ADV-162"]
[Site "http://www.queenalice.com/game.php?id=63998"]
[Date "2006.4.18"]
[Round "1"]
[White "Dark_Eagle"]
[Black "claudiocaire"]
[Result "1-0"]
[WhiteElo "1423"]
[BlackElo "1100"]

1. e4 e5 2. Bc4 c6 3. Nf3 b5 4. Bb3 Ba6 5. Nxe5 Nf6 6. Nxf7 Qe7 7. Nxh8 Nxe4 8.
Bf7+ Kd8 9. O-O g6 10. Re1 Bg7 11. Nxg6 hxg6 12. Bxg6 Qf6 13. Bxe4 Bf8 14. d4 c5
15. Bxa8 Bd6 16. Re4 b4 17. Qg4 cxd4 18. Bg5 Nc6 19. Bxf6+ Kc7 20. Bxc6 Kxc6 21.
Rxd4 Bc5 22. Qf3+ Kb5 23. Rd5 Bb7 24. Qd3+ Kb6 25. Rxd7 Bc6 26. Rf7 a5 27. a4
Bd6 28. Qxd6 Ka6 29. Qxc6# 1-0

[Event "AUTO-ADV-162"]
[Site "http://www.queenalice.com/game.php?id=63999"]
[Date "2006.4.18"]
[Round "1"]
[White "claudiocaire"]
[Black "Dark_Eagle"]
[Result "0-1"]
[WhiteElo "1074"]
[BlackElo "1427"]

1. Nf3 f6 2. e4 Nc6 3. Be2 d5 4. exd5 Ne5 5. Nxe5 fxe5 6. O-O Qxd5 7. c4 Qe4 8.
d3 Qf5 9. f3 Qg6 10. f4 Bh3 11. Bf3 Bf5 12. Nc3 O-O-O 13. fxe5 Bxd3 14. Nb5 Bxf1
15. Qxf1 Kb8 16. Qe2 c6 17. Nd4 Rxd4 18. Bf4 Rxf4 19. Qd2 Qe8 20. Qxf4 e6 21.
Qe4 Bc5+ 22. Kf1 Ne7 23. b4 Bxb4 24. Rb1 Nc8 25. Rxb4 Qd7 26. Qb1 Nb6 27. Qb3
Qd4 28. Qa4 Nxa4 29. Rxa4 Qxe5 30. g4 Qa1+ 31. Kg2 Rd8 32. h4 Rd2+ 33. Kg3 Qg1+
34. Kf4 Qh2+ 35. Kg5 Qe5# 0-1

[Event "AUTO-ADV-162"]
[Site "http://www.queenalice.com/game.php?id=64000"]
[Date "2006.4.18"]
[Round "1"]
[White "Dark_Eagle"]
[Black "csadler"]
[Result "0-1"]
[WhiteElo "1418"]
[BlackElo "1601"]

1. e4 c5 2. Bc4 e6 3. Nf3 a6 4. Nc3 b5 5. Be2 Bb7 6. d4 cxd4 7. Qxd4 Nc6 8. Qe3
Bb4 9. O-O Bxc3 10. Qxc3 Nf6 11. e5 Nd5 12. Qd2 O-O 13. Bd3 Nce7 14. Ng5 h6 15.
Bh7+ Kh8 16. Be4 hxg5 17. Qxg5 Ng6 18. Qh5+ Kg8 19. Bg5 Qb6 20. h4 f5 21. exf6
Nxf6 22. Bxg6 Nxh5 23. Bxh5 Qc5 24. Rae1 Qxc2 25. Re2 Qc6 26. f3 Qc4 27. Rfe1
Rac8 28. Bg6 Qd4+ 29. Be3 Qxh4 30. Bf2 Qg5 31. Bd3 Bxf3 32. g3 Bxe2 33. Rxe2
Rc1+ 34. Kg2 Qh5 35. g4 Qxg4+ 36. Bg3 Rg1+ 37. Kxg1 Qxg3+ 38. Rg2 Qxd3 0-1

[Event "AUTO-ADV-162"]
[Site "http://www.queenalice.com/game.php?id=64001"]
[Date "2006.4.18"]
[Round "1"]
[White "csadler"]
[Black "Dark_Eagle"]
[Result "1-0"]
[WhiteElo "1591"]
[BlackElo "1430"]

1. Nc3 c6 2. e4 e5 3. f4 exf4 4. Nf3 Nf6 5. d4 Bb4 6. Bxf4 Nxe4 7. Bd2 Nxc3 8.
bxc3 Be7 9. Bc4 O-O 10. O-O d5 11. Bd3 Bg4 12. h3 Bh5 13. Qe1 c5 14. dxc5 Bxc5+
15. Kh1 Nc6 16. Bxh7+ Kxh7 17. Ng5+ Kg6 18. Qg3 Bd6 19. Qd3+ f5 20. Ne6 Qe7 21.
Nxf8+ Rxf8 22. Qxd5 Ne5 23. Bf4 Qh4 24. Qxd6+ Rf6 25. Qxe5 Bg4 26. Bg3 Qg5 27.
hxg4 Qxg4 28. Qf4 Qxf4 29. Rxf4 Rd6 30. Rg4+ fxg4 31. Bxd6 Kg5 32. Rb1 b6 33.
Bb8 a5 34. Rxb6 a4 35. Rb4 a3 36. Ra4 g6 37. Rxa3 Kh5 38. c4 1-0

[Event "AUTO-OPEN-259"]
[Site "http://www.queenalice.com/game.php?id=66138"]
[Date "2006.4.30"]
[Round "1"]
[White "MarceloLopes"]
[Black "Dark_Eagle"]
[Result "1-0"]
[WhiteElo "1651"]
[BlackElo "1428"]

1. e4 e5 2. d3 Nc6 3. Nc3 Nf6 4. Bd2 d5 5. Bg5 Bb4 6. exd5 Qxd5 7. a3 Bxc3+ 8.
bxc3 Nd7 9. c4 Qa5+ 10. Bd2 Qc5 11. Be3 Qa5+ 12. Bd2 Qc5 13. Nf3 Nf6 14. h3 e4
15. dxe4 Nxe4 16. Be3 Qa5+ 17. Bd2 Qc5 18. Qe2 O-O 19. Be3 Qa5+ 20. Nd2 Nc3 21.
Qd3 Ne5 22. Qd4 Nc6 23. Nb3 1-0

[Event "AUTO-OPEN-259"]
[Site "http://www.queenalice.com/game.php?id=66139"]
[Date "2006.4.30"]
[Round "1"]
[White "Dark_Eagle"]
[Black "MarceloLopes"]
[Result "0-1"]
[WhiteElo "1436"]
[BlackElo "1643"]

1. e4 e5 2. Bc4 d6 3. Nf3 Be7 4. O-O Bg4 5. d4 Nc6 6. h3 Bxf3 7. Qxf3 f6 8. d5
Nd4 9. Qd3 Nh6 10. Bxh6 gxh6 11. c3 b5 12. cxd4 bxc4 13. Qxc4 Rb8 14. dxe5 fxe5
15. b4 Qd7 16. a4 Rg8 17. b5 Qxh3 18. g3 Bh4 19. Ra3 Ke7 20. Qxc7+ Kf6 21. Rf3+
Kg5 22. Rf5+ Kg4 0-1

[Event "AUTO-OPEN-259"]
[Site "http://www.queenalice.com/game.php?id=66160"]
[Date "2006.4.30"]
[Round "1"]
[White "claudiocaire"]
[Black "Dark_Eagle"]
[Result "0-1"]
[WhiteElo "1374"]
[BlackElo "1422"]

1. e4 e5 2. Qf3 Nc6 3. Bc4 Nh6 4. d3 Nd4 5. Qh5 Nxc2+ 6. Kd2 Nxa1 7. Ke2 Bc5 8.
Bxh6 g6 9. Qxe5+ Qe7 10. Qxh8+ Qf8 11. Qxf8+ Bxf8 12. Bxf8 Kxf8 13. Nf3 Nc2 14.
Ng5 d6 15. Rc1 Nd4+ 16. Ke3 Nc6 17. Bxf7 Nb4 18. Rxc7 Bg4 19. h3 Bd1 20. Nc3 h6
21. Nh7+ Kg7 22. Be6+ Kh8 23. Nb5 Re8 24. Bc4 Na6 25. Nxd6 Nxc7 26. Nf7+ Kxh7
27. Nd6 Re5 28. Nf7 Ra5 29. e5 b5 30. e6 bxc4 31. dxc4 Nxe6 32. a3 Rc5 33. g4
Rxc4 34. Kd3 Rc7 35. Ne5 Rb7 36. h4 Rxb2 37. h5 gxh5 38. gxh5 Bxh5 39. a4 Rxf2
40. a5 Rf5 41. Nc6 a6 42. Ke4 Rf1 43. Nb4 Be2 44. Nxa6 Bxa6 45. Kd5 Nc7+ 46. Kc6
Ne8 47. Kb6 Rf6+ 48. Ka7 h5 49. Kb8 h4 50. Ka8 h3 51. Ka7 h2 52. Ka8 h1=Q+ 53.
Ka7 Qa8+ 54. Kxa8 Nc7+ 55. Kb8 Nb5 56. Ka8 Rf8# 0-1

[Event "AUTO-OPEN-259"]
[Site "http://www.queenalice.com/game.php?id=66161"]
[Date "2006.4.30"]
[Round "1"]
[White "Dark_Eagle"]
[Black "claudiocaire"]
[Result "1-0"]
[WhiteElo "1401"]
[BlackElo "1271"]

1. e4 e5 2. Bc4 c6 3. Nf3 d5 4. exd5 cxd5 5. Bb3 Qb6 6. Nxe5 Nf6 7. Nc3 Bd6 8.
Nxd5 Nxd5 9. Nc4 Be7 10. Nxb6 Nxb6 11. O-O h5 12. Qf3 Bg4 13. Qxf7+ Kd7 14. Qxg7
Rc8 15. d4 Nd5 16. Bxd5 Be6 17. Bxe6+ Kxe6 18. Re1+ Kd5 19. Qe5+ Kc4 20. b3+ Kb4
21. Bd2+ Ka3 22. Qa5+ Kb2 23. Reb1+ Kxc2 24. Rc1+ Kb2 25. Bc3+ Rxc3 26. Qxc3+
Ka3 27. Rc2 Na6 28. Qa5# 1-0

[Event "AUTO-OPEN-259"]
[Site "http://www.queenalice.com/game.php?id=66172"]
[Date "2006.4.30"]
[Round "1"]
[White "Sassi"]
[Black "Dark_Eagle"]
[Result "1-0"]
[WhiteElo "1750"]
[BlackElo "1421"]

1. e4 e5 2. Nf3 Nc6 3. Bb5 Nd4 4. Bc4 Nf6 5. Nxe5 d5 6. exd5 Nxd5 7. Nc3 Be6 8.
Bxd5 Bxd5 9. Nxd5 Qxd5 10. O-O Qxe5 11. Re1 Ne2+ 12. Rxe2 Qxe2 13. Qxe2+ Be7 14.
d4 c6 15. Bf4 Rd8 16. Re1 Rd7 17. Bg5 f6 18. Bf4 O-O 19. Qe6+ 1-0

[Event "AUTO-OPEN-259"]
[Site "http://www.queenalice.com/game.php?id=66173"]
[Date "2006.4.30"]
[Round "1"]
[White "Dark_Eagle"]
[Black "Sassi"]
[Result "0-1"]
[WhiteElo "1421"]
[BlackElo "1745"]

1. e4 e5 2. Bc4 Nf6 3. Nc3 Bb4 4. Nd5 Nxd5 5. Bxd5 c6 6. Bb3 O-O 7. Nf3 Re8 8.
O-O d5 9. exd5 cxd5 10. d4 e4 11. Ng5 h6 12. Nxf7 Kxf7 13. Qh5+ Kg8 14. Bxd5+
Kh7 15. Bf7 Re6 16. d5 Rf6 17. Be6 Bxe6 18. dxe6 Rxe6 0-1

[Event "Nível médio..."]
[Site "http://www.queenalice.com/game.php?id=69550"]
[Date "2006.5.16"]
[Round "-"]
[White "Dark_Eagle"]
[Black "dkfuji"]
[Result "0-1"]
[WhiteElo "1436"]
[BlackElo "1607"]

1. e4 d5 2. e5 e6 3. d4 Qh4 4. Nf3 Qe4+ 5. Be2 Bb4+ 6. c3 Be7 7. O-O b6 8. Nbd2
Qg6 9. Nb3 Ba6 10. c4 dxc4 11. Nbd2 b5 12. b3 c3 13. Ne4 Qxe4 14. Bd3 Qd5 15.
Re1 Qd8 16. Be4 c6 17. Qd3 b4 18. Qe3 Nh6 19. h3 Nf5 20. Bxf5 exf5 21. e6 O-O
22. Ne5 fxe6 23. Nf3 Rf6 24. Ng5 Rg6 25. Nxe6 Qd6 26. Nf4 Bf8 27. Nxg6 Qxg6 28.
Qf4 Nd7 29. Qc7 Nb6 30. Be3 Bd6 31. Qxd6 Qxd6 32. a4 f4 33. Bxf4 Qxf4 34. a5 Nd5
35. Ra2 Qxd4 36. Kh2 Qf4+ 37. g3 Qf3 38. h4 Bd3 39. a6 c2 40. Rb2 Qxf2+ 41. Kh3
Nf4+ 42. gxf4 Bf5# 0-1

[Event "Let's Play Chess!"]
[Site "http://www.queenalice.com/game.php?id=277525"]
[Date "2007.9.26"]
[Round "-"]
[White "gcmorales"]
[Black "Dark_Eagle"]
[Result "0-1"]
[WhiteElo "1146"]
[BlackElo "1421"]

1. Nf3 Nc6 2. Nc3 Nf6 3. d3 e5 4. Ne4 Bb4+ 5. c3 Nxe4 6. d4 Nxc3 7. bxc3 Bxc3+
8. Bd2 Bxa1 9. Qxa1 e4 10. Ng5 d5 11. a4 O-O 12. Qa3 Nxd4 13. e3 Nc2+ 14. Kd1
Nxa3 15. f3 Qxg5 16. f4 Qg4+ 17. Be2 Qxg2 18. Rf1 Bg4 19. Rf2 Qxf2 20. Bb4 Qxe2+
21. Kc1 Qc2# 0-1

[Event "Let's Play Chess!"]
[Site "http://www.queenalice.com/game.php?id=281705"]
[Date "2007.10.5"]
[Round "-"]
[White "KleberA"]
[Black "Dark_Eagle"]
[Result "1-0"]
[WhiteElo "1619"]
[BlackElo "1438"]

1. e3 e5 2. Qh5 Nc6 3. Bc4 d5 4. Bb5 Bd7 5. Bxc6 Bxc6 6. Qxe5+ Ne7 7. a3 f6 8.
Qg3 Nf5 9. Qg4 Qd7 10. d3 O-O-O 11. Nf3 h5 12. Qg6 Ne7 13. Qg3 Rh7 14. Nd4 Ba4
15. Nc3 Nf5 16. Nxf5 Qxf5 17. e4 dxe4 18. Nxa4 exd3 19. cxd3 Qa5+ 20. Bd2 Qxa4
21. Rc1 Bd6 22. Qh3+ Kb8 23. O-O Qb3 24. Qf3 Qxb2 25. Rb1 Bxa3 26. Rxb2 Bxb2 27.
Rb1 c6 28. Rxb2 g5 29. Qxf6 Rxd3 30. Qxg5 Ra3 31. h3 Ra1+ 32. Kh2 1-0

[Event "Let's Play Chess!"]
[Site "http://www.queenalice.com/game.php?id=286644"]
[Date "2007.10.15"]
[Round "-"]
[White "pepeg"]
[Black "Dark_Eagle"]
[Result "0-1"]
[WhiteElo "1288"]
[BlackElo "1428"]

1. e4 e5 2. Nf3 Nc6 3. d3 Nf6 4. Nc3 Bb4 5. Bd2 Bxc3 6. Bxc3 d5 7. exd5 Qxd5 8.
Be2 O-O 9. O-O Nd7 10. d4 e4 11. Nd2 b5 12. Re1 b4 13. Bxb4 Nxb4 14. Nc4 Qc6 15.
Na3 Bb7 16. g3 e3 17. fxe3 Qg2# 0-1

[Event "Let's Play Chess!"]
[Site "http://www.queenalice.com/game.php?id=287527"]
[Date "2007.10.16"]
[Round "-"]
[White "zegan"]
[Black "Dark_Eagle"]
[Result "1-0"]
[WhiteElo "1883"]
[BlackElo "1428"]

1. e4 e5 2. Nf3 Nc6 3. Bb5 Nd4 4. Nxd4 exd4 5. d3 a6 6. Bc4 Nf6 7. O-O d5 8.
exd5 Nxd5 9. Qh5 Be6 10. Re1 Nf6 11. Rxe6+ Be7 12. Rxf6 O-O 13. Bxf7+ Rxf7 14.
Qxf7+ Kh8 15. Re6 Bd6 16. Nd2 Qf8 17. Qxf8+ Rxf8 18. Nb3 h6 19. Nxd4 Rf4 20.
Rxd6 cxd6 21. Bxf4 d5 22. Re1 g5 23. Re8+ Kg7 24. Be5+ Kf7 25. Rc8 b5 26. Rc7+
Kg6 27. g4 1-0

[Event "Let's Play Chess!"]
[Site "http://www.queenalice.com/game.php?id=289924"]
[Date "2007.10.20"]
[Round "-"]
[White "Dark_Eagle"]
[Black "lucianovdemelo"]
[Result "1-0"]
[WhiteElo "1440"]
[BlackElo "1431"]

1. e4 e5 2. Nc3 Nc6 3. Nf3 Nf6 4. Bc4 Bb4 5. O-O d6 6. d4 exd4 7. Nxd4 Bxc3 8.
Nxc6 bxc6 9. bxc3 Nxe4 10. Re1 d5 11. Bb3 O-O 12. c4 Nc3 13. Qd3 dxc4 14. Qxc4
Nd5 15. Qxc6 Rb8 16. Bxd5 Bb7 17. Bxf7+ Rxf7 18. Qc3 Bd5 19. f3 Qf8 20. Qd4 Bb7
21. Qxa7 Bxf3 22. Ba3 Bxg2 23. Bxf8 Rbxf8 24. Kxg2 Rf2+ 25. Qxf2 Rxf2+ 26. Kxf2
c5 27. a4 g5 28. a5 h6 29. a6 Kg7 30. Re6 c4 31. a7 Kf7 32. Rxh6 Kg7 33. Raa6 g4
34. a8=Q Kf7 35. Rh7# 1-0

[Event "Challenge"]
[Site "http://www.queenalice.com/game.php?id=293279"]
[Date "2007.10.26"]
[Round "-"]
[White "two_cut"]
[Black "Dark_Eagle"]
[Result "0-1"]
[WhiteElo "1204"]
[BlackElo "1479"]

1. Nc3 Nf6 2. Nf3 Nc6 3. d4 d5 4. e3 Bg4 5. Be2 Bxf3 6. Bxf3 e5 7. dxe5 Nxe5 8.
O-O Bb4 9. Nb5 O-O 10. Qd4 Qe7 11. c3 Bc5 12. Qf4 Bb6 13. Bd2 Nd3 14. Qf5 Nxb2
15. Bc1 Nc4 16. Re1 a6 17. Nd4 Nd6 18. Qf4 Bxd4 19. exd4 Qxe1# 0-1

[Event "Challenge"]
[Site "http://www.queenalice.com/game.php?id=339123"]
[Date "2008.1.19"]
[Round "-"]
[White "alisson124"]
[Black "Dark_Eagle"]
[Result "0-1"]
[WhiteElo "1237"]
[BlackElo "1484"]

1. e4 e5 2. Nc3 Nf6 3. d3 Bb4 4. Bd2 O-O 5. Qe2 Nc6 6. O-O-O Nd4 7. Qe3 Ng4 8.
h3 Nf6 9. Nf3 Nxf3 10. gxf3 d5 11. exd5 Nxd5 12. Nxd5 Qxd5 13. Bxb4 Re8 14. h4
Qxa2 15. Bc3 Bf5 16. Kd2 Rad8 17. Bb4 Qxb2 18. Rc1 Qxb4+ 19. Kd1 c5 20. Qd2 Qd4
21. Rg1 Qxh4 22. Qg5 Qxf2 23. Rh1 Qxf3+ 24. Kd2 Qxh1 25. Re1 g6 26. Qe3 e4 27.
Ra1 exd3 28. cxd3 Rxe3 29. Kxe3 Qg1+ 30. Kd2 c4 31. Kd1 Qxf1+ 32. Kc2 Qxa1 33.
Kd2 Qb2+ 34. Ke1 Qc1+ 35. Ke2 Bxd3+ 36. Kf3 Qd1+ 37. Kf2 Qf1+ 38. Kg3 Be2 39.
Kh4 Rd4+ 0-1